| 000 | 01051nas a2200289 4500 | ||
|---|---|---|---|
| 001 | BR8400894 | ||
| 003 | BR-BrBNA | ||
| 005 | 20231205085811.0 | ||
| 007 | ta | ||
| 008 | 230509b bl.|||p| |||| 00| 00por d | ||
| 040 |
_aBR-BrBNA _bpor _cBiblioteca Nacional de Agricultura |
||
| 041 | _a(Pt) | ||
| 072 | _aH50; F10; F30 | ||
| 100 | 1 | _aMendonca, J.R. de | |
| 100 | 1 | _aCruz, O.F. da | |
| 100 | 1 | _aGrava, H.M. de | |
| 100 | 1 | _aFernandes, A.C. | |
| 245 | 1 | _aEfeito da geada de julho de 1981 nas caracteristicas tecnologicas de diferentes variedades e clones de cana-de-acucar [Saccharum spp, Brasil] | |
| 246 | 1 | _aEffect of the july 1981 frost on the technological characteristics of different sugarcane varieties and clones [Saccharum spp, Brazil] | |
| 650 | _aCANA DE ACUCAR | ||
| 650 | _aGEADA | ||
| 650 | _aCOMPORTAMENTO DE VARIEDADE | ||
| 650 | _aCLONE | ||
| 773 | 0 |
_tBoletim Tecnico COPERSUCAR (Brazil) _xISSN 0100-2996 _g(Nov 1983), (no. 24) p. 16-21 _wBR8400894 |
|
| 909 |
_a202311 _bLúcia _c55 _dLúcia Elande |
||
| 942 |
_2AGRIS _n0 _cANA |
||
| 999 |
_c113905 _d113905 |
||